[Event "GER-chT U12"]
[Site "Seifhennersdorf"]
[Date "2001.12.30"]
[Round "7.3"]
[White "Oertel, Thomas"]
[Black "Herschbach, Tim"]
[Result "1-0"]
[WhiteElo "1273"]
[BlackElo "851"]
[PlyCount "29"]
[EventDate "2001.12.27"]
[EventType "team-tourn"]
[EventRounds "7"]
[EventCountry "GER"]
[SourceTitle "EXT 2003"]
[Source "ChessBase"]
[SourceDate "2002.11.25"]
[SourceVersion "1"]
[SourceVersionDate "2002.11.25"]
[SourceQuality "1"]

1. e4 e5 2. Nf3 Nc6 3. d4 exd4 4. Nxd4 Nf6 5. Nc3 d5 6. Bb5 Bd7 7. exd5 Nxd4 8. Bxd7+ Qxd7 9. Qxd4 0-0-0 10. Qxa7 Re8+ 11. Be3 c6 12. dxc6 bxc6 13. Qa6+ Kc7 14. Rd1 Qc8 15. Qb6# 1-0

[Event "GER-chT U12"]
[Site "Seifhennersdorf"]
[Date "2001.12.29"]
[Round "5.3"]
[White "Goepel, Martin"]
[Black "Herschbach, Tim"]
[Result "1-0"]
[WhiteElo "1300"]
[BlackElo "851"]
[PlyCount "65"]
[EventDate "2001.12.27"]
[EventType "team-tourn"]
[EventRounds "7"]
[EventCountry "GER"]
[SourceTitle "EXT 2003"]
[Source "ChessBase"]
[SourceDate "2002.11.25"]
[SourceVersion "1"]
[SourceVersionDate "2002.11.25"]
[SourceQuality "1"]

1. e4 e5 2. Nf3 Nc6 3. Bc4 Nf6 4. Nc3 Bb4 5. d3 d6 6. h3 0-0 7. Bg5 h6 8. Bh4 Re8 9. 0-0 Be6 10. Bxe6 Rxe6 11. Nd5 g5 12. Bg3 Nxd5 13. exd5 Rg6 14. dxc6 bxc6 15. a4 h5 16. c3 Ba5 17. b4 Bxb4 18. cxb4 a6 19. d4 h4 20. Bh2 e4 21. Nd2 d5 22. Re1 f5 23. f3 Qe7 24. Qb3 g4 25. hxg4 fxg4 26. Be5 h3 27. Re3 gxf3 28. Nxf3 Rxg2+ 29. Kh1 Rf8 30. Ree1 Qf7 31. Nh4 Qf2 32. Qxh3 Rg3 33. Qxg3+ 1-0